Statistics for Most Educated Countries

Click here to take the quiz!

General Stats

  • This quiz has been taken 45 times
  • The average score is 40 of 50

Answer Stats

#Answer% Correct
8Canada
98%
2Switzerland
98%
10United Kingdom
98%
12United States
98%
27Spain
95%
1Australia
93%
15Japan
93%
6Norway
93%
30Portugal
93%
13Sweden
93%
24Czech Republic
90%
9Denmark
90%
11Finland
90%
21France
90%
22Austria
88%
17Belgium
88%
14Ireland
88%
29Italy
88%
25Luxembourg
88%
5New Zealand
88%
26Poland
88%
34Russia
88%
16South Korea
88%
7Germany
85%
33Greece
85%
23Israel
85%
3Netherlands
85%
36Slovakia
85%
46Taiwan
85%
18Estonia
83%
20Iceland
83%
28Latvia
80%
40Lithuania
80%
19Slovenia
80%
45Croatia
78%
35Qatar
78%
4Singapore
78%
39Hungary
76%
41Liechtenstein
76%
32United Arab Emirates
76%
31Malta
73%
50Andorra
71%
42Argentina
68%
43Chile
68%
47Saudi Arabia
68%
38Cyprus
59%
49Malaysia
54%
44Brunei
37%
48Kazakhstan
15%
37Hong Kong
10%

Score Distribution

Percentile by Number Answered

Percent of People with Each Score

Your Score History

You have not taken this quiz